| 000 | 00585cam a2200181 a 4500 | ||
|---|---|---|---|
| 020 | _a0419197206 | ||
| 082 | 0 | 0 |
_a624.15136 _bPOW _cL-39, P-167 |
| 100 | 1 |
_aPowrie, William. _942439 |
|
| 245 | 1 | 0 |
_aSoil mechanics : _bconcepts and applications / _cWilliam Powrie. |
| 250 | _a1st ed. | ||
| 260 |
_aLondon ; _aNew York : _bE & FN Spon, _c1997. |
||
| 300 |
_axviii, 420 p. : _bill. ; _c25 cm. |
||
| 526 |
_a0 _b0 _c0 _d624_151360000000000_POW |
||
| 650 | 0 |
_aMCE _9379 |
|
| 650 | 0 | _aSoil mechanics. | |
| 856 | 4 | 2 | _uhttp://www.loc.gov/catdir/enhancements/fy0909/96070577-d.html |
| 942 |
_2ddc _cBK |
||
| 999 |
_c546331 _d546331 |
||